[Event "Fide Inter Con Cup U18"]
[Site "Tornelo INT"]
[Date "2020.10.10"]
[Round "2"]
[White "Srihari, LR."]
[Black "Tsoi, Dmitry"]
[Result "1/2-1/2"]
[WhiteElo "2414"]
[BlackElo "2146"]
[PlyCount "96"]
[EventDate "2020.10.10"]
[EventType "swiss (rapid)"]
[EventRounds "6"]
[EventCountry "NET"]
[SourceTitle "EXT 2022"]
[Source "ChessBase"]
[SourceDate "2021.10.06"]
[SourceVersion "1"]
[SourceVersionDate "2021.10.06"]
[SourceQuality "1"]

1. d4 Na6 2. e4 c6 3. Nc3 Nc7 4. Bd3 g6 5. h4 h5 6. Nf3 Bg7 7. e5 d5 8. Ng5 Nh6 9. Ne2 Bg4 10. c3 Qd7 11. Qc2 Bf5 12. Ng3 Bxd3 13. Qxd3 0-0-0 14. Bd2 Ne6 15. 0-0-0 Kb8 16. Nxe6 Qxe6 17. Bxh6 Bxh6+ 18. Kb1 Rc8 19. Rdf1 c5 20. f4 cxd4 21. cxd4 Qg4 22. Qf3 Qxf3 23. Rxf3 Rc4 24. Ne2 Rhc8 25. Rc3 b5 26. Rhc1 Rxc3 27. Rxc3 Rxc3 28. bxc3 e6 29. g3 Kb7 30. Kc2 Bf8 31. Kb3 Kb6 32. Ng1 a6 33. Nh3 Be7 34. Nf2 Bf8 35. Nh3 Be7 36. Ng1 Bf8 37. Nf3 Be7 38. Nd2 Bf8 39. Nf1 Be7 40. Ne3 Bd8 41. f5 Be7 42. f6 Bf8 43. Ng2 Bh6 44. Kc2 Ka5 45. Kb3 Bd2 46. Kc2 Bh6 47. Kb3 Bd2 48. Kc2 Bh6 1/2-1/2

[Event "EU-ch Online U16"]
[Site "Tornelo INT"]
[Date "2020.09.20"]
[Round "7"]
[White "Koellner, Ruben Gideon"]
[Black "Tsoi, Dmitry"]
[Result "0-1"]
[WhiteElo "2330"]
[BlackElo "2436"]
[PlyCount "110"]
[EventDate "2020.09.18"]
[EventType "swiss (rapid)"]
[EventRounds "9"]
[EventCountry "NET"]
[SourceTitle "EXT 2023"]
[Source "ChessBase"]
[SourceDate "2022.10.05"]
[SourceVersion "1"]
[SourceVersionDate "2022.10.05"]
[SourceQuality "1"]
[WhiteTeam "Germany"]
[BlackTeam "Russia"]
[WhiteTeamCountry "GER"]
[BlackTeamCountry "RUS"]

1. d4 g6 2. Nf3 Bg7 3. e4 d6 4. Nbd2 Nf6 5. Bc4 c6 6. Bb3 0-0 7. 0-0 a5 8. c3 Na6 9. Re1 Nc7 10. h3 d5 11. e5 Nd7 12. Nf1 f6 13. exf6 exf6 14. h4 Nb6 15. Bc2 Bg4 16. Ne3 Qd7 17. Nxg4 Qxg4 18. Re7 Rac8 19. Qd2 Rfe8 20. Rxe8+ Rxe8 21. Qf4 Qxf4 22. Bxf4 Ne6 23. Re1 Kf7 24. Bc1 Nc4 25. h5 Nd6 26. g3 b5 27. Kg2 Nc4 28. hxg6+ hxg6 29. Nh4 f5 30. Kf1 Bf6 31. Ng2 Rh8 32. f3 Ng5 33. Kf2 Rh2 34. g4 f4 35. Bxf4 Nh3+ 36. Kg3 Rxg2+ 37. Kxg2 Nxf4+ 38. Kg3 Bh4+ 39. Kxh4 Ng2+ 40. Kg5 Nxe1 41. Bxg6+ Ke7 42. b3 Nxf3+ 43. Kf4 Ncd2 44. Ke3 Nh4 45. Bd3 Ndf3 46. Kf4 Kf6 47. a4 bxa4 48. bxa4 Ng5 49. Ba6 Ng6+ 50. Ke3 Nf7 51. c4 Kg5 52. cxd5 cxd5 53. Bc8 Nd6 54. Be6 Nf4 55. Bd7 Nc4+ 0-1

[Event "EU-ch Online U16"]
[Site "Tornelo INT"]
[Date "2020.09.19"]
[Round "4"]
[White "Czernek, Tymon"]
[Black "Tsoi, Dmitry"]
[Result "0-1"]
[WhiteElo "2002"]
[BlackElo "2436"]
[PlyCount "76"]
[EventDate "2020.09.18"]
[EventType "swiss (rapid)"]
[EventRounds "9"]
[EventCountry "NET"]
[SourceTitle "EXT 2023"]
[Source "ChessBase"]
[SourceDate "2022.10.05"]
[SourceVersion "1"]
[SourceVersionDate "2022.10.05"]
[SourceQuality "1"]
[WhiteTeam "Poland"]
[BlackTeam "Russia"]
[WhiteTeamCountry "POL"]
[BlackTeamCountry "RUS"]

1. e4 g6 2. d4 Bg7 3. f4 c6 4. Nf3 d5 5. e5 Nh6 6. Bd3 Na6 7. Bd2 Nc7 8. Nc3 b5 9. Qe2 a5 10. a4 b4 11. Na2 0-0 12. Nc1 f6 13. Nb3 Bg4 14. h3 Bxf3 15. gxf3 fxe5 16. fxe5 Ne6 17. h4 Nf5 18. Qf2 c5 19. Nxc5 Nfxd4 20. Nxe6 Nxe6 21. h5 Qc7 22. f4 g5 23. h6 Nxf4 24. Bxf4 Rxf4 25. Qe2 Bxe5 26. 0-0-0 b3 27. Rdg1 Bf6 28. Rh5 Kh8 29. Rhxg5 Rxa4 30. Kb1 bxc2+ 31. Bxc2 Rb4 32. b3 Qc3 33. Kc1 Rc8 34. Rg8+ Rxg8 35. Rxg8+ Kxg8 36. Qe6+ Kf8 37. Qd7 Bg5+ 38. Kb1 Rxb3+ 0-1

[Event "Moscow op-A 16th"]
[Site "Moscow"]
[Date "2020.01.31"]
[Round "7"]
[White "Tsoi, Dmitry"]
[Black "Gabrielian, Artur"]
[Result "0-1"]
[WhiteElo "2321"]
[BlackElo "2465"]
[PlyCount "68"]
[EventDate "2020.01.25"]
[EventType "swiss"]
[EventRounds "9"]
[EventCountry "RUS"]
[SourceTitle "CBM 194 Extra"]
[Source "ChessBase"]
[SourceDate "2020.03.31"]
[SourceVersion "1"]
[SourceVersionDate "2020.03.31"]
[SourceQuality "1"]

1. e4 c5 2. a3 g6 3. h4 h5 4. Bc4 Nc6 5. Nc3 Bg7 6. d3 d6 7. Nge2 e6 8. Bg5 Nge7 9. Qd2 a6 10. Ba2 b5 11. Rb1 Bb7 12. b4 Qc7 13. Nd1 Nd4 14. Rc1 Nxe2 15. Qxe2 cxb4 16. axb4 a5 17. c4 axb4 18. cxb5 Qa5 19. Bb3 Nc8 20. Rh3 Qxb5 21. Qf3 Ra3 22. Rc7 Rf8 23. Bc4 Qb6 24. Bd8 b3 25. Ke2 Ra2+ 26. Kf1 Kxd8 27. Rxf7 d5 28. exd5 exd5 29. Rxf8+ Bxf8 30. Qxf8+ Kc7 31. Qf7+ Kb8 32. Bxd5 Bxd5 33. Qxd5 Rxf2+ 34. Ke1 Rf5 0-1

[Event "Moscow op-A 16th"]
[Site "Moscow"]
[Date "2020.01.30"]
[Round "6"]
[White "Sargissyan, Sargis"]
[Black "Tsoi, Dmitry"]
[Result "0-1"]
[WhiteElo "2254"]
[BlackElo "2321"]
[PlyCount "74"]
[EventDate "2020.01.25"]
[EventType "swiss"]
[EventRounds "9"]
[EventCountry "RUS"]
[SourceTitle "CBM 194 Extra"]
[Source "ChessBase"]
[SourceDate "2020.03.31"]
[SourceVersion "1"]
[SourceVersionDate "2020.03.31"]
[SourceQuality "1"]

1. e4 c6 2. Nc3 d5 3. Nf3 Bg4 4. h3 Bxf3 5. Qxf3 e6 6. Be2 Bb4 7. 0-0 Nf6 8. e5 Nfd7 9. Qg4 Bxc3 10. bxc3 g6 11. d4 Qa5 12. Rb1 b5 13. Rb3 Qd8 14. a4 a6 15. Bg5 Qa5 16. Qh4 h6 17. Be7 Qc7 18. Ra1 Qb7 19. f4 Nb6 20. Bc5 Nc8 21. c4 dxc4 22. Bxc4 Nd7 23. Bd3 Nxc5 24. dxc5 Ne7 25. Be4 b4 26. Rab1 a5 27. c3 Qa7 28. cxb4 axb4 29. Rxb4 Qxc5+ 30. Kh2 Rd8 31. Rb7 g5 32. Qg3 Rg8 33. Rb8 gxf4 34. Qd3 Nc8 35. Qc2 Qxe5 36. Qxc6+ Ke7 37. R1b5 f3+ 0-1